Накопление [59Ni] в коррозионной стали под воздействием потока нейтронов; Атомная энергия; Т. 99, вып. 4

Podrobná bibliografie
Parent link:Атомная энергия: теоретический и научно-технический журнал/ Российская академия наук ; Министерство РФ по атомной энергии, ядерного общества.— , 1956-.— 0004-7163
Т. 99, вып. 4.— 2005.— с. 268-272
Hlavní autor: Варлачев (Варлачёв) В. А. Валерий Александрович
Další autoři: Дудкин Г. Н. Геннадий Николаевич, Падалко В. Н. Владимир Николаевич
Jazyk:ruština
Vydáno: 2005
Edice:Статьи
Témata:
Médium: MixedMaterials Kapitola
KOHA link:https://koha.lib.tpu.ru/cgi-bin/koha/opac-detail.pl?biblionumber=426305

MARC

LEADER 00000naa2a2200000 4500
001 426305
005 20251226071628.0
035 |a (RuTPU)RU\TPU\prd\85039 
035 |a RU\TPU\prd\40761 
090 |a 426305 
100 |a 20100702a2005 k y0rusy50 ca 
101 0 |a rus 
102 |a RU 
200 1 |a Накопление [59Ni] в коррозионной стали под воздействием потока нейтронов  |f В. А. Варлачев, Г. Н. Дудкин, В. Н. Падалко 
225 1 |a Статьи 
320 |a Библиогр.: 8 назв. 
461 0 |0 (RuTPU)RU\TPU\prd\33  |x 0004-7163  |t Атомная энергия  |o теоретический и научно-технический журнал  |f Российская академия наук ; Министерство РФ по атомной энергии, ядерного общества  |d 1956- 
463 0 |0 (RuTPU)RU\TPU\prd\85035  |t Т. 99, вып. 4  |v с. 268-272  |d 2005 
610 1 |a ядерные реакторы 
610 1 |a эксперименты 
610 1 |a характеристики 
610 1 |a энергетические спектры 
610 1 |a γ-кванты 
610 1 |a процессы деления 
610 1 |a y-излучение 
610 1 |a тепловые нейтроны 
610 1 |a радиационные захваты 
610 1 |a коррозийно-стойкие стали 
610 1 |a накопление 
675 |a 539.172.4  |v 3 
675 |a 621.039.553  |v 3 
700 1 |a Варлачев (Варлачёв)  |b В. А.  |c физик, специалист в области ядерных технологий  |c профессор-консультант Томского политехнического университета, доктор технических наук  |f 1948-  |g Валерий Александрович  |y Томск  |3 (RuTPU)RU\TPU\pers\28135  |9 13093 
701 1 |a Дудкин  |b Г. Н.  |c специалист в области ядерных технологий  |c старший научный сотрудник Томского политехнического университета кандидат физико-математических наук  |f 1944-  |g Геннадий Николаевич  |3 (RuTPU)RU\TPU\pers\28134  |9 13092 
701 1 |a Падалко  |b В. Н.  |c физик  |c ведущий инженер Томского политехнического университета  |f 1949-  |g Владимир Николаевич  |3 (RuTPU)RU\TPU\pers\28138 
801 1 |a RU  |b 63413507  |c 20060111  |g PSBO 
801 2 |a RU  |b 63413507  |c 20150522  |g PSBO 
942 |c BK